000 00660nam a2200241Ia 4500
003 OSt
005 20221007111104.0
006 a|||||r|||| 00| 0
007 ta
008 221006b |||||||| |||| 00| 0 eng d
024 _a22,538
037 _cTextual
040 _aLCO
_cLCO
_beng
041 _2eng
_aeng
082 _aX724qN61, L3
245 0 _aIncome Tax Act, 1961 with Excerpts from Finance Act, 1973 and Charts & Illustrations
250 _a6th
260 _aDelhi
_bA Taxmann Publications Private Ltd India
_c1973
300 _a431
650 _aINCOME TAX
942 _hX724qN61, L3
_cTEXL
999 _c1192101
_d1192101